Morphology-driven syntax : a theory of V to I raising and pro-drop

Saved in:
Bibliographic Details
Main Author: Rohrbacher, Bernhard Wolfgang
Format: Book
Language:English
Published: Amsterdam; Philadelphia : John Benjamins, [1999]
Series:Linguistik aktuell ; ; 15
Subjects:
Tags: Add Tag
No Tags, Be the first to tag this record!

MARC

LEADER 00000nam a2200000 i 4500
001 1/60929
008 071030s1999 eng d
020 |a 9027227365 (Eur., hbk.) 
020 |a 1556192347 (US, hbk.) 
022 |a 01660829 
035 |l 10091926 
040 |a GR-MY-UA  |b gre  |e aacr 
041 0 |a eng 
082 0 |a 415  |2 (22) 
100 1 |a Rohrbacher, Bernhard Wolfgang. 
245 1 0 |a Morphology-driven syntax :  |b a theory of V to I raising and pro-drop /  |c Bernhard Wolfgang Rohrbacher 
260 |a Amsterdam; Philadelphia :   |b John Benjamins,   |c [1999] 
300 |a viii, 296 σ.;  |b σχεδιαγρ., πιν.;  |c 23 εκ. 
490 1 |a Linguistik aktuell = Linguistics today  |v ; 15 
504 |a Βιβλιογραφία: σ. [277]-289. Ευρετήριο 
650 0 0 |a Grammar, Comparative and general. 
650 0 0 |a Generative grammar. 
830 0 |a Linguistik aktuell ;  |v ; 15 
852 |a INST  |b RHODES  |e 20071030  |h 415 ROH  |p 005400025359  |q 005400025359  |t BK  |y 0 
901 |a BIBL4-2007-3 
909 |a Ρ  |b 139728 
922 |a 4ΕΛΗ  |b 200710  |c ΕΠΕΑΕΚ2/ΤΜΣ  |d ΠΑΠΑΣΩΤΗΡΙΟΥ 
970 |a ΧΑΡΙΟΠΟΛΙΤΟΥ  |b ΚΩΝΣΤΑΝΤΙΝΑ  |z 2007/10/30